000 00370pam a2200157a 44500
008 230515b1990 xxu||||| |||| 00| 0 eng d
020 _aNULL
041 _aENG
082 _a618.1
100 _aDAWN C.S.
245 _aTEXTBOOK OF OBSTETRICS & NEONATOLOGY
250 _a-
260 _aNULL
_bDAWN BOOKS CALCUTTA -14
_c1990
300 _a436
650 _aOBS. & GYN.
999 _c552225
_d552225